| 000 | 00618nam a2200205 a 4500 | ||
|---|---|---|---|
| 005 | 20220526063923.0 | ||
| 008 | 991125s1985 mx 000 0 spa u | ||
| 020 | _a9684302797 | ||
| 035 | _aUPN01000005059 | ||
| 049 | _aLT | ||
| 050 | 4 |
_aLB1651 M6.2 _bB55 1985 |
|
| 245 | 0 | 0 |
_aBiología 2 : _beducación media básica/asignaturas. |
| 250 | _a2a ed. | ||
| 260 |
_aMéxico : _bNutesa, _c1985. |
||
| 300 |
_a128 p. : _bil. |
||
| 440 | 0 | _aSantillana | |
| 500 | _aConforme a los objetivos del programa oficial, educación media básica | ||
| 650 | 4 |
_aBiología _xEstudio y enseñanza (Secundaria) _94532 |
|
| 905 | _aLibro | ||
| 999 |
_c5059 _d5059 |
||